<?xml version="1.0" encoding="UTF-8"?>
<record
    xmlns:xsi="http://www.w3.org/2001/XMLSchema-instance"
    xsi:schemaLocation="http://www.loc.gov/MARC21/slim http://www.loc.gov/standards/marcxml/schema/MARC21slim.xsd"
    xmlns="http://www.loc.gov/MARC21/slim">

  <leader>00738nam a22001217a 4500</leader>
  <datafield tag="040" ind1=" " ind2=" ">
    <subfield code="c">rua</subfield>
  </datafield>
  <datafield tag="100" ind1=" " ind2=" ">
    <subfield code="a">OR SANITH &#x17A2;&#x17C4; &#x179F;&#x17B6;&#x1793;&#x17B7;&#x178F;</subfield>
  </datafield>
  <datafield tag="245" ind1=" " ind2=" ">
    <subfield code="a">STUDY ON LAND DISPUTE RESOLUTION OUTSIDE JUDICIAL SYSTEM IN AMPOV PREY COMMUNE, KANDAL STEUNG DISTRICT, KANDAL PROVINE &#x179F;&#x17B7;&#x1780;&#x17D2;&#x179F;&#x17B6;&#x1796;&#x17B8;&#x1780;&#x17B6;&#x179A;&#x178A;&#x17C4;&#x17C7;&#x179F;&#x17D2;&#x179A;&#x17B6;&#x1799;&#x179C;&#x17B7;&#x179C;&#x17B6;&#x1791;&#x178A;&#x17B8;&#x1792;&#x17D2;&#x179B;&#x17B8;&#x1780;&#x17D2;&#x179A;&#x17C5;&#x1794;&#x17D2;&#x179A;&#x1796;&#x17D0;&#x1793;&#x17D2;&#x1791;&#x178F;&#x17BB;&#x179B;&#x17B6;&#x1780;&#x17B6;&#x179A; &#x179F;&#x17D2;&#x1790;&#x17B7;&#x178F;&#x1793;&#x17C5;&#x1783;&#x17BB;&#x17C6;&#x17A2;&#x17C6;&#x1796;&#x17C5;&#x1796;&#x17D2;&#x179A;&#x17C3; &#x179F;&#x17D2;&#x179A;&#x17BB;&#x1780;&#x1780;&#x178E;&#x17D2;&#x178F;&#x17B6;&#x179B;&#x179F;&#x17D2;&#x1791;&#x17B9;&#x1784; &#x1781;&#x17C1;&#x178F;&#x17D2;&#x178F;&#x1780;&#x178E;&#x17D2;&#x178F;&#x17B6;&#x179B;</subfield>
  </datafield>
  <datafield tag="260" ind1=" " ind2=" ">
    <subfield code="a">PHNOM PENH</subfield>
    <subfield code="b">RUA</subfield>
    <subfield code="c">2023</subfield>
  </datafield>
  <datafield tag="300" ind1=" " ind2=" ">
    <subfield code="a">VIII.41P</subfield>
    <subfield code="b">VI.</subfield>
    <subfield code="c">29CM</subfield>
  </datafield>
  <datafield tag="856" ind1=" " ind2=" ">
    <subfield code="u">https://drive.google.com/file/d/1m1ubNR7cnnCVdMdOc9qr-VQ4n-0ntI6f/view?usp=sharing</subfield>
  </datafield>
  <datafield tag="942" ind1=" " ind2=" ">
    <subfield code="c">LMA</subfield>
  </datafield>
  <datafield tag="999" ind1=" " ind2=" ">
    <subfield code="c">23192</subfield>
    <subfield code="d">23192</subfield>
  </datafield>
  <datafield tag="952" ind1=" " ind2=" ">
    <subfield code="0">0</subfield>
    <subfield code="1">0</subfield>
    <subfield code="2">ddc</subfield>
    <subfield code="4">0</subfield>
    <subfield code="6">LMA_OR_2023_000000000000000_B1498_OR</subfield>
    <subfield code="7">0</subfield>
    <subfield code="9">99479</subfield>
    <subfield code="a">LBB</subfield>
    <subfield code="b">LBB</subfield>
    <subfield code="c">B1.498</subfield>
    <subfield code="d">2024-06-21</subfield>
    <subfield code="l">2</subfield>
    <subfield code="o">LMA OR 2023 B1-498 Or.</subfield>
    <subfield code="p">a076770</subfield>
    <subfield code="r">2025-08-01</subfield>
    <subfield code="s">2025-07-11</subfield>
    <subfield code="w">2024-06-21</subfield>
    <subfield code="y">LMA</subfield>
  </datafield>
  <datafield tag="952" ind1=" " ind2=" ">
    <subfield code="0">0</subfield>
    <subfield code="1">0</subfield>
    <subfield code="2">ddc</subfield>
    <subfield code="4">0</subfield>
    <subfield code="6">LMA_OR_2023_000000000000000_B1498_OR</subfield>
    <subfield code="7">0</subfield>
    <subfield code="9">99480</subfield>
    <subfield code="a">LBB</subfield>
    <subfield code="b">LBB</subfield>
    <subfield code="c">B1.498</subfield>
    <subfield code="d">2024-06-21</subfield>
    <subfield code="o">LMA OR 2023 B1-498 Or.</subfield>
    <subfield code="p">a076233</subfield>
    <subfield code="r">2024-06-21</subfield>
    <subfield code="w">2024-06-21</subfield>
    <subfield code="y">LMA</subfield>
  </datafield>
  <datafield tag="952" ind1=" " ind2=" ">
    <subfield code="0">0</subfield>
    <subfield code="1">0</subfield>
    <subfield code="2">ddc</subfield>
    <subfield code="4">0</subfield>
    <subfield code="6">LMA_OR_2023_000000000000000_B1498_OR</subfield>
    <subfield code="7">0</subfield>
    <subfield code="9">99481</subfield>
    <subfield code="a">LBB</subfield>
    <subfield code="b">LBB</subfield>
    <subfield code="c">B1.498</subfield>
    <subfield code="d">2024-06-21</subfield>
    <subfield code="o">LMA OR 2023 B1-498 Or.</subfield>
    <subfield code="p">a076309</subfield>
    <subfield code="r">2024-06-21</subfield>
    <subfield code="w">2024-06-21</subfield>
    <subfield code="y">LMA</subfield>
  </datafield>
  <datafield tag="952" ind1=" " ind2=" ">
    <subfield code="0">0</subfield>
    <subfield code="1">0</subfield>
    <subfield code="2">ddc</subfield>
    <subfield code="4">0</subfield>
    <subfield code="6">LMA_OR_2023_000000000000000_B1498_OR</subfield>
    <subfield code="7">0</subfield>
    <subfield code="9">99482</subfield>
    <subfield code="a">LBB</subfield>
    <subfield code="b">LBB</subfield>
    <subfield code="c">B1.498</subfield>
    <subfield code="d">2024-06-21</subfield>
    <subfield code="o">LMA OR 2023 B1-498 Or.</subfield>
    <subfield code="p">a076341</subfield>
    <subfield code="r">2024-06-21</subfield>
    <subfield code="w">2024-06-21</subfield>
    <subfield code="y">LMA</subfield>
  </datafield>
</record>
